Intensive archeological survey of proposed sidewalk improvements for Socorro Middle School, City of Socorro, El Paso County, Texas : CSJ: 0924-06-395 /

Bibliographic Details
Main Author: Young, Brandon S. (Author)
Corporate Authors: Blanton & Associates, Inc, Texas Historical Commission
Format: Book
Language:English
Published: Austin, Texas : Blanton & Associates, Inc., [2014]
Subjects:

MARC

Tag First Indicator Second Indicator Subfields
LEADER 00000cam a2200000 i 4500
001 in00003441964
005 20151206101233.0
008 140529s2014 txuab b 000 0 eng c
035 |a (OCoLC)ocn880676734 
035 |a (OCoLC)880676734 
040 |a TXA  |e rda  |c TXA  |d UtOrBLW 
042 |a pcc 
043 |a n-us-tx 
049 |a TXAM 
050 4 |a F392.E38  |b Y6884 2014 
100 1 |a Young, Brandon S.,  |e author. 
245 1 0 |a Intensive archeological survey of proposed sidewalk improvements for Socorro Middle School, City of Socorro, El Paso County, Texas :  |b CSJ: 0924-06-395 /  |c by Brandon S. Young ; Brandon S. Young, principal investigator. 
264 1 |a Austin, Texas :  |b Blanton & Associates, Inc.,  |c [2014] 
300 |a iv, 32 leaves (some folded), 3 unnumbered leaves :  |b illustrations (some color), maps (some color) ;  |c 28 cm 
336 |a text  |b txt  |2 rdacontent 
337 |a unmediated  |b n  |2 rdamedia 
338 |a volume  |b nc  |2 rdacarrier 
500 |a "Prepared for City of Socorro, Texas and MCi Moreno Cardenas, Inc." 
500 |a "Texas antiquities permit number 6299." 
500 |a "May 2014." 
504 |a Includes bibliographical references (leaf 32). 
650 0 |a Archaeological surveying  |z Texas  |z El Paso County. 
650 0 |a Excavations (Archaeology)  |z Texas  |z El Paso County. 
710 2 |a Blanton & Associates, Inc. 
710 2 |a Texas Historical Commission. 
948 |a cataloged  |b h  |c 2014/5/29  |d o  |e mwilson  |f 1:23:25 pm 
994 |a C0  |b TXA 
999 |a MARS 
999 f f |s 0de2894f-ad29-3f00-9df2-3d49bac962cd  |i 0e0ccf38-7c3d-3a9c-bf9b-ed7d9b38d0d0  |t 0 
952 f f |p normal  |a Texas A&M University  |b College Station  |c Sterling C. Evans Library  |d Evans: Library Stacks  |t 0  |e F392.E38 Y6884 2014  |h Library of Congress classification  |i unmediated -- volume  |m A14842264443 
998 f f |a F392.E38 Y6884 2014  |t 0  |l Evans: Library Stacks